Célébrités traduites - Statistiques

Statistiques générales
  • Ce quiz a été pris 2 148 fois
  • Le résultat moyen est 9 sur 15
Statistiques - réponses
Hint Réponse % Correct
Michel Fils de Jacques Michael Jackson
82%
John Of the garden Jean Dujardin
80%
Monsieur Haricot Mister Bean
75%
Thomas Croisière Tom Cruise
75%
Morgan L'homme Libre Morgan Freeman
74%
Cinquante Centimes 50 cents
73%
John Jack L'homme en or Jean Jacques Goldman
70%
Francky The Beef Franck Leboeuf
68%
Alex The Friend (Femme) Alexandra Lamy
63%
Jacques Fils de Nicole Jack Nicholson
61%
Mathieu Démon Matt Damon
60%
Kevin Ouest Kanye West
57%
Brittany Lance Britney Spears
45%
Mathilda bleed Mathilde Seigner
24%
Emilie Vignoble Amy Winehouse
21%
Aucun quiz correspondant
Distribution des résultats
% des personnes avec chaque résultat
Percentile par nombre de réponses
Votre historique - résultats
Vous n’avez pas pris ce quiz